01862cpcaa2200349 i 4500001001300000003000400013005001700017008004100034010001700075040002900092072001200121100004600133245006200179300001500241506002200256520056800278545005400846546003600900580005700936600003600993610004101029610008801070651005201158651004801210651004501258651005001303651004501353651005401398656002101452656002201473999001701495mm2012085765DLC20260227111733.0121107|||||||||||| eng  amm2012085765 aDLCbengedacscDLCdDLC 7aW2lcmd1 aCumiskey, John,dapproximately 1828-1863.00aJohn Cumiskey papers,f1854-circa 1925g(bulk 1854-1867). a20fitems.0 aOpen to research.8 aAlsS written by Cumiskey to his wife, Rose Cumiskey, during his Civil War service with Company I, 17th Connecticut Infantry Regiment. Cumiskey describes conditions and activities of his company in Baltimore, Md., Washington, D.C., and Virginia prior to his death in 1862. Includes correspondence relating to Cumiskey's death, burial in 1863, and eligibility for pension; typewritten transcripts of several letters; an 1854 letter informing Cumiskey of his mother's death; a tintype of Cumiskey in uniform, circa Sept. 1862; and a newspaper clipping (circa 1925).0 aUnion Army soldier and farmer of Greenwich, Conn. aCollection material in English. aForms part of: Miscellaneous Manuscripts collection.10aCumiskey, RosevCorrespondence.10aUnited States.bArmyxMilitary life.10aUnited States.bArmy.bConnecticut Infantry Regiment, 17th (1862-1865).bCompany I. 0aBaltimore (Md.)xHistoryyCivil War, 1861-1865. 0aConnecticutxHistoryyCivil War, 1861-1865. 0aMarylandxHistoryyCivil War, 1861-1865. 0aUnited StatesxHistoryyCivil War, 1861-1865. 0aVirginiaxHistoryyCivil War, 1861-1865. 0aWashington (D.C.)xHistoryyCivil War, 1861-1865. 7aFarmers.2itoamc 7aSoldiers.2itoamc c44895d44895